[Event "RUS-chT Blitz Men 2018"]
[Site "Sochi"]
[Date "2018.10.10"]
[Round "1"]
[White "Diakonova, Ekaterina"]
[Black "Alekseev, Evgeny"]
[Result "0-1"]
[WhiteElo "2236"]
[BlackElo "2620"]
[Annotator "TA"]
[PlyCount "128"]
[EventDate "2018.10.10"]
[EventType "swiss"]
[EventCountry "RUS"]
[SourceTitle "playchess.com"]
[Source "ChessBase"]
[SourceQuality "1"]

{[%evp 25,128,22,33,13,14,-11,17,15,20,19,11,6,22,0,19,8,12,0,0,0,39,23,15,16,27,0,13,2,39,0,26,19,31,22,31,24,21,15,38,2,4,0,0,0,0,0,0,0,0,-27,0,-19,0,-41,0,-37,-37,-104,-99,-291,-298,-357,-324,-328,-127,-203,-197,-427,-433,-525,-507,-764,-472,-365,0,-764,-739,-716,-690,-1114,-1137,-1117,-1100,-995,-934,-889,-781,-1688,-1680,-1519,-1300,-1206,-1314,-1473,-1047,-897,-899,-1410,-1399,-1295,-1197,-1442,-1768,-1758,-1608]} 1. e4 c5 2. c3 d5 3. exd5 Qxd5 4. d4 e6 5. Nf3 Nf6 6. Na3 Nc6 7. Nb5 Qd8 8. dxc5 Bxc5 9. Qxd8+ Kxd8 10. Bf4 Ne4 {B22: Sicilian: 2 c3} 11. Rd1+ Ke7 12. Nbd4 Nxd4 13. Nxd4 Bd6 {LiveBook: 3 Games} 14. Bxd6+ (14. Be3 {is interesting.} Bd7 15. Be2 Ba4 16. Rc1 Rac8 17. O-O) 14... Nxd6 15. Nb5 Ne8 16. f4 $146 ({Predecessor:} 16. Be2 Bd7 17. O-O Nf6 18. Rfe1 {½-½ (88) Hasangatin,R (2490)-Alekseev,E (2620) Kazan 2018}) 16... Bd7 17. Nd4 Nd6 18. Be2 Rhc8 19. Bf3 Rc7 20. O-O Rb8 21. Rfe1 g6 22. g4 Rc5 23. Kf2 b5 24. a3 Rb6 25. h4 Nc4 26. Re2 Nd6 27. Ree1 a5 28. Nb3 Rc4 29. Kg3 a4 30. Nd4 Rc5 31. Re2 Bc8 32. Rde1 Bb7 33. Re5 Rxe5 34. Rxe5 Bxf3 35. Kxf3 $11 {[%mdl 4096] Endgame KRN-KRN} Kd7 36. Re2 Nc4 37. Kg3 Kd6 38. Kf3 Kd5 39. Kg3 Kc5 40. Kf3 Rd6 41. Ke4 ({White should play} 41. h5 $15) 41... f6 $17 42. Kf3 $2 {[#]} (42. Rf2 $17) 42... e5 $19 {[%cal Be6e5,Be5f4][%mdl 32]} 43. Nc2 Rd3+ 44. Kf2 Rd1 $2 ({Not} 44... Nxb2 45. Nb4 $19) (44... exf4 $19 {has better winning chances.} 45. Nb4 Re3) 45. g5 (45. Ne3 $17 {keeps fighting.} Nxe3 46. Kxe3) 45... fxg5 ({And not} 45... Nxb2 46. gxf6 Nd3+ 47. Kg3 $11) 46. hxg5 $2 {[#]} (46. fxe5 {was necessary.} gxh4 47. e6) 46... exf4 47. Nd4 Rb1 48. Ne6+ (48. Kf3 $142 Rxb2 49. Re7) 48... Kc6 49. Nd4+ Kc5 $2 (49... Kd5 50. Nxb5 Rxb2 51. Nc7+ Kd6 52. Rxb2 Nxb2 53. Nb5+ Kc5) 50. Ne6+ Kb6 {Black is clearly winning.} 51. Nxf4 Rxb2 52. Ne6 Rxe2+ 53. Kxe2 Nxa3 {KN-KN} 54. Kd2 Nc4+ 55. Kc2 Kc6 56. Nf8 Kd6 57. Nxh7 Ne5 58. Nf6 Nf3 59. Ne4+ Kd5 60. Nf6+ Ke6 61. Ne4 Ke5 62. Nc5 Nxg5 63. Na6 Ne4 64. Nc7 Nd6 {Precision: White = 25%, Black = 58%.} 0-1

[Event "RUS-chT Blitz Men 2018"]
[Site "Sochi"]
[Date "2018.10.10"]
[Round "1"]
[White "Cherenkov, Andrey"]
[Black "Romanov, Evgeny"]
[Result "0-1"]
[WhiteElo "2226"]
[BlackElo "2614"]
[Annotator "TA"]
[PlyCount "92"]
[EventDate "2018.10.10"]
[EventType "swiss"]
[EventCountry "RUS"]
[SourceTitle "playchess.com"]
[Source "ChessBase"]
[SourceQuality "1"]

{[%evp 18,92,12,-7,40,28,56,35,74,75,77,47,80,68,68,0,0,0,0,0,61,0,0,-8,-8,-13,32,-146,0,-93,-53,-235,-191,-261,-255,-381,-381,-522,-394,-391,-388,-414,-385,-419,-417,-408,-388,-470,-468,-511,-497,-518,-509,-491,-449,-821,-811,-705,-683,-1238,-841,-818,-797,-732,-571,-567,-556,-694,-675,-1358,-822,-822,-774,-758,-756,-946,-877]} 1. e4 c5 2. Nc3 Nc6 3. g3 g6 4. Bg2 Bg7 5. d3 e5 6. Nh3 Nge7 7. O-O O-O 8. f4 exf4 9. Nxf4 d6 10. Be3 {LiveBook: 25 Games} Nd4 {B25: Closed Sicilian: 3 g3, lines without early Be3} (10... b5 11. a3 b4 12. axb4 cxb4 13. Ncd5 Bxb2 14. d4 Bxa1 15. Nf6+ Kh8 16. Qxa1 Qa5 17. Qd1 Ng8 18. N4d5 {1-0 (35) Artemiev,V (2704)-Dubov,D (2696) Sochi 2018}) 11. Qd2 Rb8 12. Rf2 f5 $146 {White is slightly better.} ({Predecessor:} 12... b5 13. Raf1 Bb7 14. Ncd5 Nxd5 15. Nxd5 Bxd5 16. exd5 b4 17. Bg5 {½-½ (30) Olcum,A (2257)-Uzunoglu,E (2060) Batumi 2018}) 13. Raf1 fxe4 14. Bxe4 Nef5 15. Bd5+ Kh8 16. Ne4 ({White should play} 16. Nxg6+ $14 hxg6 17. Bg5) 16... Nxe3 $11 17. Qxe3 Nf5 $1 {[%cal Rf5e3]} 18. Qd2 Ne7 (18... Bd4 $11) 19. c3 (19. Bb3 $14) 19... Rxf4 20. Qxf4 Nxd5 21. Qf7 $1 {[%cal Rf7d5]} Ne7 22. Rf6 $2 (22. Re1 $14 {stays ahead.} Ng8 {[#]} 23. Nxd6 $1 {[%mdl 512]} Qxd6 24. Re8) 22... Bh3 ({Black should try} 22... Nf5 $17 {aiming for ...d5.} 23. Rxd6 Nxd6 24. Nxd6 Qg8) 23. Rxd6 (23. Ng5 $1 $11 Nf5 24. Rxg6 Bxf1 25. Qxf5 hxg6 26. Qxg6 Qxg5 27. Qxg5 Bxd3 28. Qd5) 23... Qe8 $36 {[%mdl 2048] Threatens to win with ...Nf5. White is under pressure.} 24. Qxe8+ $2 (24. Rf4 $1 $15) 24... Rxe8 $19 25. Rf2 {[#]} (25. Re1 $142 Nc6 26. Re2) 25... c4 $1 {[%mdl 512]} 26. d4 (26. g4 {might work better.} Nc6 27. Rf7 cxd3 28. Rxd3 Bxg4 29. Nd6 Re1+ 30. Rf1) (26. dxc4 Nf5) 26... Nf5 27. Rd7 Rxe4 28. Rd8+ {[#]} Bf8 $1 29. Rxf8+ Kg7 {( -> ...Re1+)} 30. R8xf5 gxf5 {[%mdl 4096] Endgame KRB-KR} ({Don't play} 30... Bxf5 31. Kg2 $19) 31. Rd2 Kf6 32. Kf2 Ke6 {Black is clearly winning.} 33. b3 Kd5 34. Kf3 Bg4+ 35. Kf2 b5 36. bxc4+ (36. Rb2 $142) 36... Kxc4 37. Rb2 a6 38. a4 bxa4 {Strongly threatening ...Re2+!} 39. Rb4+ Kxc3 40. Rxa4 Re2+ 41. Kg1 Re6 42. Kg2 Be2 43. Kh3 Rh6+ 44. Kg2 Rd6 45. Kf2 Bb5 46. Ra1 Rxd4 {Precision: White = 18%, Black = 54%.} 0-1

[Event "RUS-chT Blitz Men 2018"]
[Site "Sochi"]
[Date "2018.10.10"]
[Round "1"]
[White "Taysayev, Timur"]
[Black "Ponkratov, Pavel"]
[Result "0-1"]
[WhiteElo "2225"]
[BlackElo "2628"]
[Annotator "TA"]
[PlyCount "64"]
[EventDate "2018.10.10"]
[EventType "swiss"]
[EventCountry "RUS"]
[SourceTitle "playchess.com"]
[Source "ChessBase"]
[SourceQuality "1"]

{[%evp 19,64,45,47,48,60,58,70,48,54,50,57,35,52,23,55,22,49,-48,-41,-47,0,-16,66,-57,34,-29,-33,-115,7,10,24,19,23,22,172,0,0,-111,-66,-264,-254,-309,-300,-273,-293,-295,-262]} 1. e4 c5 2. Nf3 b6 3. c4 Bb7 4. Nc3 e6 5. Be2 d6 6. d4 cxd4 7. Nxd4 Nf6 8. O-O Be7 9. f3 O-O 10. Be3 a6 11. Rc1 {A31: Symmetrical English: 2 Nf3 Nf6 3 d4} (11. Qd2 Qc7 12. Rfc1 Nbd7 13. b4 Rac8 14. Nb3 Qb8 15. Bf1 Rfe8 16. Qf2 Bd8 17. Na4 Ba8 18. c5 b5 19. Nc3 Bc7 20. g3 dxc5 21. Nxc5 Nxc5 22. bxc5 {1-0 (45) Nepomniachtchi,I (2729)-Ponkratov,P (2613) Riadh 2017}) 11... Qc7 12. Qe1 Nbd7 13. Qg3 {White is slightly better.} Rfe8 14. Rfe1 $146 Rac8 15. Bf1 Qb8 16. b3 Bd8 17. Bd3 Bc7 18. Qh3 ({Only move:} 18. Bh6 $1 $14 g6 19. Qh4) 18... Ne5 $15 19. Bb1 Ng6 (19... b5 $5) 20. Kh1 Ba8 (20... b5 $1 $11) 21. Rcd1 (21. f4 $14) 21... Bd8 (21... b5 $1 $15 22. cxb5 Ba5) 22. Qg3 ({White should play} 22. a4 $14) 22... b5 $36 {[%mdl 2048] Black has the initiative.} 23. Bd3 (23. Nde2 $1 $15) 23... b4 (23... Nd7 $17 24. Rg1 bxc4 25. bxc4 Nde5) 24. Na4 Bc7 25. Qh3 Ne5 {[%cal Bg6e5,Be5g4,Bg4f6][%mdl 32]} 26. Bb1 d5 (26... Ng6 $11) 27. Bg5 $2 (27. cxd5 $18 exd5 28. f4) 27... dxc4 28. f4 (28. Bxf6 $11 gxf6 29. bxc4) 28... Neg4 $17 {[#] And now ...Nf2+ would win.} 29. Qf3 $2 (29. Qg3 $1 $15 Bxf4 30. Bxf4) 29... h6 $19 {Black has a decisive advantage.} 30. Bxf6 Nxf6 31. bxc4 Bxf4 32. g3 Be5 {Precision: White = 14%, Black = 35%.} 0-1

[Event "RUS-chT Blitz Men 2018"]
[Site "Sochi"]
[Date "2018.10.10"]
[Round "1"]
[White "Kretov, Evgenij"]
[Black "Dubov, Daniil"]
[Result "0-1"]
[WhiteElo "2219"]
[BlackElo "2703"]
[Annotator "TA"]
[PlyCount "48"]
[EventDate "2018.10.10"]
[EventType "swiss"]
[EventCountry "RUS"]
[SourceTitle "playchess.com"]
[Source "ChessBase"]
[SourceQuality "1"]

{[%evp 12,48,64,17,4,4,14,0,7,-30,-11,-24,-16,-24,-32,-14,-17,-45,-38,-33,-32,-80,-79,-85,-63,-67,-87,-146,-151,-181,-189,-171,-134,-125,-125,-135,-123,-463,-478]} 1. d4 e6 2. c4 c5 3. d5 exd5 4. cxd5 d6 5. Nc3 g6 6. e4 Bg7 7. f4 (7. Bd3 {looks sharper.} Nf6 8. Nf3 O-O 9. O-O Re8 10. Re1) 7... Bxc3+ $146 {A43: Schmid Benoni} ({Predecessor:} 7... Ne7 8. Bb5+ Nd7 9. a4 O-O 10. Nf3 a6 11. Be2 h6 12. O-O Kh7 13. Bd2 f5 14. exf5 Nxf5 15. Bd3 {0-1 (39) Musialkiewicz,P (2247)-Kislinsky,A (2478) Wroclaw 2018}) 8. bxc3 Nf6 9. Bd3 O-O {The position is equal.} 10. Ne2 Re8 11. O-O c4 12. Bxc4 Nxe4 {And now ...b5! would win.} 13. Qd4 Nd7 14. f5 Qb6 15. fxg6 hxg6 16. Qxb6 Nxb6 17. Bb5 Bd7 18. Bxd7 $1 Nxd7 19. Ba3 (19. Be3 $142) 19... Rac8 $17 20. Rae1 Nd2 21. Rf2 Nb6 22. Rd1 Ne4 23. Rf3 Re5 24. Re3 $2 {[%mdl 8192] [#]} (24. Ng3 $17) 24... Nc4 {Precision: White = 33%, Black = 69%.} 0-1

[Event "RUS-chT Blitz Men 2018"]
[Site "Sochi"]
[Date "2018.10.10"]
[Round "1"]
[White "Shkurkin, Andrey"]
[Black "Zvjaginsev, Vadim"]
[Result "0-1"]
[WhiteElo "2201"]
[BlackElo "2644"]
[Annotator "TA"]
[PlyCount "43"]
[EventDate "2018.10.10"]
[EventType "swiss"]
[EventCountry "RUS"]
[SourceTitle "playchess.com"]
[Source "ChessBase"]
[SourceQuality "1"]

{[%evp 13,43,54,44,44,53,44,42,0,2,-72,0,20,1,-30,21,-2,-18,-43,-37,-62,-56,-152,-95,-114,-113,-104,-105,-122,-92,-111,-113,-160]} 1. d4 c5 2. d5 d6 3. e4 Nf6 4. Nc3 g6 5. f4 Bg7 6. Bb5+ Nfd7 7. Bd3 O-O 8. Nf3 {A43: Schmid Benoni} Na6 (8... e6 9. O-O Nb6 10. a4 a5 11. Kh1 exd5 12. Nxd5 Nxd5 13. exd5 Na6 14. c3 f5 15. Rb1 Bd7 {½-½ (43) Fodor,T (2482)-Efimenko,Z (2695) Plovdiv 2012}) 9. O-O Rb8 10. Qe1 {White is slightly better.} Nb4 $146 ({Predecessor:} 10... b5 11. Nxb5 c4 12. Bxc4 Rxb5 13. Bxb5 Qb6+ 14. Be3 Qxb5 15. f5 Ne5 16. Nxe5 Bxe5 {0-1 (38) Rushbrooke,R (1889)-Willow,J (2265) Telford 2018}) 11. Qh4 {[#]} (11. a3 $11 Nxd3 12. cxd3) 11... Nxd3 (11... c4 $1 $17 {[%mdl 512]} 12. a3 (12. Bxc4 Bxc3) 12... Qb6+ 13. Kh1 Nxd3 14. cxd3 cxd3) 12. cxd3 $11 e6 13. dxe6 (13. Qh3 {feels hotter.} exd5 14. f5 d4 15. Nd5 Nb6 16. Nxb6 axb6 17. Bh6) 13... fxe6 (13... Bd4+ $142 14. Kh1 Qxh4 15. Nxh4 fxe6) 14. Qxd8 Rxd8 15. Be3 b5 {[%cal Bb7b5,Bb5b4][%mdl 32]} 16. Rf2 b4 17. Na4 (17. Nd1 $15) 17... Ba6 $36 {[%mdl 2048] Black has strong initiative.} ({Black should try} 17... Nf6 {And now ...Ng4 would win.} 18. Rd1 Ng4) 18. Rd1 {Black is better.} Bb5 19. b3 Bxa4 20. bxa4 a5 21. Ng5 Re8 22. Rc1 {Precision: White = 20%, Black = 64%.} 0-1

[Event "RUS-chT Blitz Men 2018"]
[Site "Sochi"]
[Date "2018.10.10"]
[Round "1"]
[White "Okun, Evgeny"]
[Black "Savchenko, Boris"]
[Result "0-1"]
[WhiteElo "2163"]
[BlackElo "2562"]
[Annotator "TA"]
[PlyCount "138"]
[EventDate "2018.10.10"]
[EventType "swiss"]
[EventCountry "RUS"]
[SourceTitle "playchess.com"]
[Source "ChessBase"]
[SourceQuality "1"]

{[%evp 9,138,11,64,20,20,6,75,68,72,71,189,43,53,36,47,35,200,23,125,21,20,0,0,-22,156,131,139,136,74,0,2,-66,-61,-50,0,0,0,-21,0,-37,8,-70,-6,-81,93,-195,-170,-358,-121,-125,-141,-100,-140,-243,-255,-254,-246,-242,-237,-256,-259,-268,-220,-285,-245,-282,-279,-315,-266,-331,0,-335,-308,-279,-61,-65,-71,-269,-249,-411,-195,-300,-214,-232,-236,-318,-182,-212,-164,-427,-300,-287,-111,-115,-75,-156,-143,-173,-173,-163,-156,-251,-86,-78,8,-388,-371,-504,-494,-482,-478,-426,-412,-613,-488,-632,-622,-568,-196,-29964,-29965,-6490,-29960,-6185,-583,-6995,-6595,-29990,-29991,-1050,-29992]} 1. e4 e6 2. d4 {[%cal Bd2d4,Bd4c5][%mdl 32]} d5 3. Nd2 Be7 4. Ngf3 c5 (4... Nf6 5. Bd3 dxe4 6. Nxe4 Nbd7 7. O-O Nxe4 8. Bxe4 Nf6 9. Bd3 O-O 10. Qe2 Bd7 11. Rd1 h6 12. b3 a5 13. c4 a4 14. Bb2 Qc8 15. Ne5 Rd8 16. Bc2 Be8 17. Rab1 axb3 18. axb3 {0-1 (32) Kravtsiv,M (2672)-Bacrot,E (2725) Riadh 2017}) 5. Bb5+ Nc6 ({Black should play} 5... Bd7 $11 6. Bxd7+ Nxd7) 6. dxc5 $146 {C03: French Tarrasch: Unusual Black 3rd moves} ({Predecessor:} 6. O-O Nf6 7. Re1 O-O 8. exd5 Nxd5 9. dxc5 Bxc5 10. Bxc6 bxc6 11. Ne4 Be7 12. Bg5 {0-1 (35) Nagy,K (2099)-Csatlos,B (2165) Hungary 2010}) 6... Nf6 7. exd5 Nxd5 (7... Qxd5 $11 8. Qe2 Qxc5) 8. Bxc6+ {White is better.} bxc6 9. O-O Ba6 (9... Qc7 $16) 10. Re1 (10. c4 $18) 10... Bxc5 $14 11. Ne4 $36 {[%mdl 2048] White has some pressure.} Be7 $1 12. b3 f6 $2 (12... O-O $14) 13. a3 $2 (13. Nd4 $1 $18 {[%cal Rd4e6]} Qd7 14. c4) 13... e5 {[#]} (13... O-O $1 $11) 14. c4 ({Better is} 14. Nxe5 $1 $16 {[%mdl 512]} fxe5 15. Qh5+ Kf8 16. Bb2) 14... Nc7 $11 15. Qc2 Ne6 16. Bb2 c5 $2 (16... O-O $1 $11) 17. Rad1 Nd4 18. Bxd4 $1 cxd4 19. b4 (19. Neg5 $16 {Nxe5! is the strong threat.} fxg5 20. Nxe5 (20. Rxe5 O-O $15)) 19... O-O $1 20. b5 (20. Nfd2 $11) 20... Bc8 $1 $15 21. c5 Be6 22. a4 Qd5 23. c6 Rac8 24. Qb2 a6 25. Ng3 (25. Nxd4 $11 exd4 26. Rxd4) 25... Rc7 (25... axb5 $15 26. axb5 Rc7) 26. Ne2 (26. Nxd4 $11 {remains equal.} exd4 27. Rxd4) 26... Bf7 $2 (26... Bc5 $1 $17 {keeps the pressure on.} 27. Nexd4 exd4 28. Nxd4 Re7) 27. Ng3 $2 {[%mdl 8192]} (27. Nfxd4 $1 $16 {stays on course. Threatens to win with b6.} exd4 28. Nxd4 axb5 29. axb5) 27... Rb8 $19 {[%cal Ra6b5,Bf8b8,Bb8b2,Bb2c2][%mdl 32]} 28. Rc1 $2 (28. Nf5 Bc5 29. Rd2) 28... Rxc6 $2 (28... axb5 $19 {is more deadly.} 29. Nd2 Rxc6) 29. Rxc6 $17 Qxc6 30. bxc6 Rxb2 {[#]} 31. c7 (31. Nxd4 $1 $17 {[%mdl 512]} Bd8 (31... exd4 32. c7) 32. Ndf5) 31... Rc2 $19 32. Nxd4 Rxc7 ({Not} 32... exd4 33. Rxe7 Kf8 34. Rd7 $17) 33. Ndf5 Bb4 34. Rd1 h6 35. h4 a5 36. h5 Be6 37. Rd8+ Kf7 38. Ne3 Rc8 39. Rd3 Rc7 40. Rd8 $1 Rd7 41. Ra8 g6 $2 (41... Bb3 $19 42. Kh2 Bxa4) 42. hxg6+ $1 $15 Kxg6 {aiming for ...f5.} 43. Kh2 $2 (43. Ne4 $17 {was the only defense.}) 43... h5 44. Rh8 $2 (44. Ne4 {keeps fighting.}) 44... Bb3 (44... f5 $142 45. Nexf5 Bxf5 46. Nxf5 Kxf5 47. Rxh5+ Kg6) 45. Nxh5 (45. Nef5 {might work better.}) 45... Bxa4 46. g4 Bb3 {Hoping for ...a4.} 47. Nf5 Bd2 (47... a4 $142 48. Rh6+ Kg5 49. Nxf6 Rd3 50. Ne4+ Kxg4) 48. Ra8 a4 {And now ...Kg5 would win.} 49. Rf8 $2 (49. Ra6) 49... Bg5 50. Ra8 Kh7 $2 (50... Rh7 $19 51. Nd6 Rd7) 51. Ra6 $17 Rf7 52. Ra8 (52. Kg3 $142) 52... Bc2 53. Ne3 Bxe3 $1 54. fxe3 $19 {[%mdl 4096] Endgame KRB-KRN} Kh6 55. Ng3 (55. Kg3 $17) 55... Kg5 $2 (55... Rg7 $19 {has better winning chances.} 56. Kh3 Kg5) 56. Rg8+ $17 {[#]} Kh4 ({Black should try} 56... Bg6 $1 $17 57. Nf5 a3) 57. Kg2 $2 {[%mdl 8192]} (57. e4 $1 $11 {and White has nothing to worry.} Bxe4 58. Nxe4) 57... Rd7 $19 58. Kf3 Bd1+ 59. Kf2 Rd2+ 60. Ke1 Rd3 ({Worse is} 60... Kxg3 61. Kxd2 Bxg4 62. Re8 $11) 61. Nf5+ Kh3 62. g5 fxg5 63. Rxg5 Bg4 $2 (63... a3 {( -> ...a2)} 64. Rg3+ Kh2) 64. e4 $2 (64. Nh6 $19) 64... a3 65. Rg8 a2 66. Ra8 Rd1+ 67. Kf2 a1=Q 68. Rh8+ {[#]} Bh5 $1 69. Rxh5+ Kg4 {Precision: White = 30%, Black = 33%.} 0-1

[Event "RUS-chT Blitz Men 2018"]
[Site "Sochi"]
[Date "2018.10.10"]
[Round "1"]
[White "Dulenko, Maxim"]
[Black "Demidov, Mikhail"]
[Result "0-1"]
[WhiteElo "2139"]
[BlackElo "2514"]
[Annotator "TA"]
[PlyCount "119"]
[EventDate "2018.10.10"]
[EventType "swiss"]
[EventCountry "RUS"]
[SourceTitle "playchess.com"]
[Source "ChessBase"]
[SourceQuality "1"]

{[%evp 19,119,1,12,0,0,-26,9,-9,-9,-19,-15,-20,-30,-39,-9,-83,-92,-168,-133,-193,-127,-128,-109,-208,-207,-412,-415,-388,-410,-477,-479,-469,-442,-547,-435,-516,-477,-575,-514,-487,-461,-413,-373,-451,-460,-470,-470,-448,-328,-441,-430,-458,-367,-410,-375,-471,-482,-547,-555,-817,-796,-812,-411,-697,-672,-593,-457,-744,-580,-516,-243,-234,-162,-160,-160,-177,-89,-112,-93,-177,-94,-184,-142,-166,-109,-180,-166,-188,-166,-268,-201,-264,-201,-299,-201,-425,-363,-2137,-1812,-1916,-1077,-1483]} 1. e4 e6 2. d4 d5 3. e5 c5 4. c3 Ne7 5. Nf3 Nec6 6. a3 a5 7. Bd3 b6 {C02: Französische Verteidigung (Vorstoßvariante)} 8. O-O Ba6 9. Be3 Be7 10. Bxa6 Nxa6 {LiveBook: 3 Partien} 11. Nbd2 O-O 12. Rc1 $146 ({Vorgänger:} 12. Ne1 Nc7 13. f4 Qd7 14. Qg4 cxd4 15. Bxd4 Nxd4 16. cxd4 {0-1 (42) Potapov,P (2477)-Demidov,M (2513) Sochi 2015}) 12... c4 13. g3 b5 14. h4 b4 15. axb4 axb4 16. Bg5 Nc7 17. Bxe7 (17. cxb4 $1 $11 {bleibt in der Remisbreite.} Bxg5 18. Nxg5) 17... Qxe7 $17 18. Qe2 (18. Qc2 $17) 18... Ra2 19. Rb1 (19. Nxc4 $17 dxc4 20. Qxc4) 19... Rfa8 (19... Nb5 $19 20. Qe3 Qc7) 20. Qe3 h6 21. Rfc1 (21. Kg2 $17 {ist eine bessere Verteidigung.}) 21... Nb5 $19 22. Kg2 $2 (22. Ne1 {war nötig.}) 22... bxc3 23. bxc3 {[#]} Na3 $1 24. Rb6 Qc7 25. Rxc6 Qxc6 26. Ne1 Nb5 27. Nc2 Qd7 28. Nb4 Ra1 29. Nb1 Na7 30. Nc2 Ra4 31. h5 Nc6 32. g4 Qe7 33. Nd2 Qg5 34. Qe2 Ra2 35. Kg3 f5 36. exf6 Qxf6 37. f4 Rb2 38. Nf3 Raa2 39. Qd1 Na5 40. Ne3 Nb3 (40... Rf2 $2 41. Rc2 $17) 41. Rb1 (41. Rc2 $142 Rxc2 42. Nxc2) 41... Re2 42. Qg1 {[#]} Rf2 $1 43. Rf1 (43. Qxf2 $142 Rxf2 44. Kxf2 Qxf4 45. Ke2) 43... Rxf1 44. Qxf1 Qf8 (44... Nd2 $142 {( -> ...Se4+)} 45. Nxd2 Rxd2) 45. Qb1 Ra1 46. Qg6 Qf7 {zielt auf ...Tc1 ab.} 47. Qc2 Ra8 (47... Rc1 $19 48. Qb2 Qf6) 48. Ne5 $17 Qf6 49. Ng2 (49. Qg2 $17 Ra5 50. N3xc4 dxc4 51. Qc6) 49... Qf8 (49... Ra1 $19 50. Qb2 Qf8) 50. Nd7 (50. Nh4 $17) 50... Qd6 51. Ne5 Qd8 (51... Qe7 $19 52. Ne1 Ra1) 52. Qg6 {[#]} (52. Nh4 $17) 52... Qe8 $1 $19 {[%cal Re8g6] ...Dxg6 ist eine echte Drohung.} 53. Qc2 Na5 54. Nh4 (54. f5 $142) 54... Nc6 55. Nhf3 Nd8 56. Kh4 (56. Qb1 {kämpft weiter.}) 56... Nf7 57. g5 $2 (57. Nxf7 {war angesagt.} Qxf7 58. Kg3) 57... Nd6 {Weiss muss nun ...Sf5+ beachten.} 58. gxh6 $2 (58. Qb2) 58... Nf5+ 59. Kg4 Nxh6+ 60. Kg3 {Precision: Weiß = 20%, Schwarz = 35%.} 0-1

[Event "RUS-chT Blitz Men 2018"]
[Site "Sochi"]
[Date "2018.10.10"]
[Round "1"]
[White "Pervakov, Sergey"]
[Black "Kezin, Roman"]
[Result "0-1"]
[WhiteElo "2098"]
[BlackElo "2471"]
[Annotator "TA"]
[PlyCount "76"]
[EventDate "2018.10.10"]
[EventType "swiss"]
[EventCountry "RUS"]
[SourceTitle "playchess.com"]
[Source "ChessBase"]
[SourceQuality "1"]

{[%evp 20,75,0,0,21,21,32,20,77,19,44,0,0,-2,54,0,5,0,0,0,90,73,110,108,140,-28,0,-95,-110,-112,-83,-75,-79,-77,-46,-62,-50,-172,-162,-160,-161,-289,-282,-486,-485,-466,-450,-533,-533,-847,-818,-920,-754,-729,-702,-29992,-679,-29999]} 1. e4 c5 2. Nc3 Nc6 3. g3 g6 4. Bg2 Bg7 5. d3 d6 6. f4 e6 7. Nf3 Nge7 8. O-O O-O 9. Be3 a6 10. d4 cxd4 11. Nxd4 Qc7 {B25: Closed Sicilian: 3 g3, lines without early Be3} 12. Qd2 b5 13. Rad1 {Threatens to win with Nxc6.} Rd8 (13... Bxd4 $11 {keeps the balance.} 14. Bxd4 Nxd4 15. Qxd4 Rd8) 14. Qf2 (14. f5 $16 {And now f6 would win.} Bxd4 15. Bxd4 Nxd4 16. f6 (16. Qxd4 b4 $11)) 14... Rb8 15. Nb3 Bd7 $146 ({Predecessor:} 15... a5) 16. Rd2 Be8 ({Black should play} 16... b4 $11 17. Na4 Nd4) 17. Rfd1 a5 {[%cal Ba6a5,Ba5a4][%mdl 32]} 18. a3 a4 19. Nd4 Na5 {[#]} (19... Bxd4 $11 20. Bxd4 Nxd4 21. Qxd4 Nc6) 20. Bf1 $1 $16 {[%cal Rd4b5]} Nc4 21. Bxc4 $1 bxc4 {[#]} 22. Rb1 $2 (22. f5 $1 $16) 22... Rb7 23. Kg2 (23. f5 $11 {remains equal.} exf5 24. exf5 Nxf5 25. Nd5) 23... Rdb8 $36 {[%mdl 2048] Black is really pushing.} 24. Nd1 e5 25. fxe5 dxe5 26. Ne2 Bc6 27. Nec3 $1 f5 28. Nd5 (28. Qf1 $15) 28... Nxd5 $19 29. exd5 Bd7 30. c3 (30. Nc3 $142) 30... Rb5 31. h4 $2 {[#]} (31. Kg1) 31... Rxd5 $3 {[%mdl 512]} 32. Rxd5 {Hoping for Rd2.} Bc6 {[%cal Bd7c6,Bc6d5,Bd5a8][%mdl 32]} 33. Kh2 {Rc5 is the strong threat.} Bxd5 34. Bc5 Ba8 35. Bb4 Qc6 {[%csl Ga8][%cal Rc6h1]} 36. Ne3 Rd8 37. Rd1 Rd3 (37... Rxd1 $142 38. Ng2 Qd5 39. Bc5 Rd2 40. Kg1 Rxf2 41. Kxf2 Qxg2+ 42. Ke1 Bf3 43. Bf2 Bh6 44. b4 Qh1+ 45. Bg1 Qxg1#) 38. Rxd3 Qh1# {Precision: White = 20%, Black = 49%.} 0-1